L'amore tra uomini /
Guardat en:
| Autor principal: | |
|---|---|
| Altres autors: | , , |
| Format: | Llibre |
| Idioma: | italià |
| Publicat: |
Citta di Castello :
Odoya,
c2025
|
| Col·lecció: | Odoya library
|
| Etiquetes: |
Sense etiquetes, Sigues el primer a etiquetar aquest registre!
|
MARC
| LEADER | 00000nam a22000007i 4500 | ||
|---|---|---|---|
| 001 | IT\ICCU\PUV\1595614 | ||
| 003 | ItRI | ||
| 005 | 20260109203229.0 | ||
| 008 | 251015s2025 it |||||| ||||| |||||c | ||
| 020 | |a 9788862889421 (paperback) | ||
| 040 | |b ita |c ct | ||
| 041 | 7 | |a ita |2 ISO-639-2 | |
| 100 | 1 | |a Ulrichs, Karl Heinrich |0 IT\ICCU\AQ1V\022463 |4 aut | |
| 245 | 1 | 2 | |a L'amore tra uomini / |c Ulrichs ; [a cura di] Domenico Di Cesare, Giulio Garuti, Simone Di Cesare ; postfazione di Michael Lombardi Nash. |
| 246 | 1 | 3 | |a Ulrichs. L'amore tra uomini |
| 260 | |a Citta di Castello : |b Odoya, |c c2025 | ||
| 300 | |a 181 p. : |b ill. ; |c 21 cm | ||
| 700 | 1 | |a Di Cesare, Domenico, |d (1966- ) |0 IT\ICCU\CFIV\179320 |4 edt | |
| 700 | 1 | |a Lombardi-Nash, Michael A. |0 IT\ICCU\UBOV\361706 |4 aft | |
| 700 | 1 | |a Garuti Simone Di Cesare, Giulio |0 IT\ICCU\UBOV\394606 |4 edt | |
| 830 | 0 | |a Odoya library |0 IT\ICCU\RAV\1694500 | |
| 942 | |2 ddc |c BK | ||
| 952 | |0 0 |1 0 |2 ddc |4 0 |6 834_800000000000000_ULR_AMO |7 0 |9 9634 |a GE |b GE |d 2025-09-23 |l 0 |o 834.8 ULR AMO |p 2067 |r 2025-09-23 17:22:11 |w 2025-09-23 |y BK | ||
| 981 | 1 | |6 z01 |a i |b xxxe | |
| 982 | 1 | |6 z01 |a n | |
| 999 | |c 7969 |d 7969 | ||